00993nam a2200265 i 4500001000700000003000900007005001700016007000300033008004100036020001800077080001700095080002000112100002700132245005300159260006400212300002200276490005400298500004300352651005200395651004400447830006200491852003300553999001900586952012200605106357ES-MaACL20230906184126.0t|061102s1984 xxu ||||1| fre d a2-905448-00-8 a956.94"1947" a956.94"1917/48"1 aSanbar, Elias.910232710aPalestine 1948 b: l'expulsion / cElias Sanbar. aWashington : bInstitut des Etudes Palestiniennes, c[1984] a234 p. ; c22 cm.1 aLes livres de la Revue d'études palestiniennnes aBiblioteca Jacinto Martínez Lacalle. 4aPalestina-xHistoria-y1947 (Partición)99199 4aPalestina-xHistoria-y1917-1948.991980 aLes livres de la Revue d'études palestiniennnes9232834 aES-MaACLjE-11361 bR.139115 c106357d106357 00104070aATENEOMbATENEOMcDEPO2d2008-01-17eSCl0oE-11361p1111026r2023-02-23 00:00:00w2023-02-23yMONOGRAFIA